000 00639nam a22001817a 4500
003 UA-OsUOA
001 17365
007 ta
008 20040224b un ||||| |||| 00| 0 ukr d
100 _aСич І.О.
942 _cSA
040 _aUA-OsUOA
_cUA-OsUOA
_dUA-OsUOA
245 _aЧерез терни до успіху: [Про справи у Рокитнів. район. коопер. мережі розповідає голова правл. РСС І.О. Сич]
300 _aС.2
955 _a0
773 0 _w0
_tРокитнівщина
_dРокитне
_d2004
_g№10/4 лют./
650 7 _aКраєзнавча робота
_2UDC
999 _c303533
_d303533